| 000 | 01173pam a2200289 a 4500 | ||
|---|---|---|---|
| 999 |
_c129099 _d129099 |
||
| 001 | 1633928 | ||
| 003 | ARRUPE | ||
| 005 | 20190222102338.0 | ||
| 008 | 960307s1996 nyu 001 0 eng | ||
| 010 | _a 96013514 | ||
| 020 | _a002861206X | ||
| 040 |
_aDLC _cDLC _dDLC |
||
| 050 | 0 | 0 |
_aBL48 _b.Q48 1996 |
| 082 | 0 | 0 |
_a291.4 _220 |
| 245 | 0 | 4 |
_aThe quotable spirit : _ba treasury of religious and spiritual quotations from ancient times to the twentieth century / _ccompiled and edited by Peter Lorie and Manuela Dunn Mascetti. |
| 260 |
_aNew York, NY : _bMacmillan USA, _cc1996. |
||
| 300 |
_axvi, 367 p. ; _c25 cm. |
||
| 500 | _aIncludes indexes. | ||
| 650 | 0 |
_aReligion _xQuotations, maxims, etc. _944880 |
|
| 650 | 0 |
_aReligions _xQuotations, maxims, etc. _944881 |
|
| 650 | 0 |
_aSpiritual life _xQuotations, maxims, etc. _944882 |
|
| 700 | 1 |
_aLorie, Peter. _944883 |
|
| 700 | 2 |
_aDunn-Mascetti, Manuela. _944884 |
|
| 906 |
_a7 _bcbc _corignew _d1 _eocip _f19 _gy-gencatlg |
||
| 942 |
_2lcc _cMONOGRAPH |
||